• 首页
  • 本馆介绍
  • 公告通知
  • 最新文献
  • 馆藏检索
  • 电子资源
  • 读者导购
  • 参考咨询
  • 我的图书馆
  • 登录
  • 详细信息显示
  • 放入我的书架
  • 预约/预借图书
  • 作者相关作品
  • 分类相关作品
  • 丛书相关作品
  • 出版社相关作品

书目信息

  • 表格格式
  • 工作单格式
  • 卡片格式
题名:
电子计算器的使用
    
 
作者: 马烈 编
分册:  
出版信息: 北京   农业出版社  1986
页数: 248页
开本: 20cm
丛书名:
单 册:
中图分类: TP32
科图分类:
主题词: 计算器 , 电子计算机--一般计算器和计算机 , 电子计算器--应用
电子资源:
ISBN:
000 00647nam0 2200241 45
001 0186004531
005 20060509145823.81
010    @dCNY1.70
100    @a19951114d1986 em y0chiy0121 ea
101 0  @achi
102    @aCN@b110000
105    @ay z 000yy
200 10 @a电子计算器的使用@Adian zi ji suan qi de shi yong@f马烈编@Fma lie bian
210    @a北京@c农业出版社@d1986
215    @a248页@d20cm
606 0  @a计算器
606 0  @a电子计算机@x一般计算器和计算机
606    @a电子计算器@x应用
690    @aTP32@v4
701  0 @a马烈@4编@Ama lie
801  0 @aCN@bTSSF@c20060509
801  2 @aCN@bNLC@c20060314
905    @a10447@dTP32@e41
    
    电子计算器的使用/马烈编.-北京:农业出版社,1986
    248页;20cm
    
    
    ISBN :CNY1.70
    
●
相关链接 在E读中查询图书 在五车中查询图书 在当当中查询图书 在豆瓣中查询图书


正题名:电子计算器的使用     索取号:TP32/41         预约/预借

序号 登录号 条形码 馆藏地/架位号 状态 备注
1 0164079   001634556   密集书库/ [索取号:TP32/41] 在馆    
2 0164080   001634618   密集书库/ [索取号:TP32/41] 在馆    
3 0164081   202318508   密集书库/ [索取号:TP32/41] 在馆    
唐山师范学院图书馆 欢迎您!
大连网信软件有限公司© 版权所有